000
00340nam a2200157Ia 4500
100
_a
Bayross/Ivan
650
_a
Java
942
_c
BK
366
_f
20
654
_a
java
245
_a
The Chronicles of Java on Linux
260
_b
BPB Publications
_a
New Delhi
_c
2005
082
_a
005.133/BAY
_b
BAY
300
_a
414
546
_a
ENGLISH
999
_c
20535
_d
20535